000 00384nam a2200145Ia 4500
008 100122s9999 xx 000 0 und d
082 _b5745
_a823
100 _aरणदिवे रत्नप्रभा
245 _aपुर्णिमा
260 _c1924
300 _a100
630 _aपुर्णिमा
730 _aपुर्णिमा
942 _cBOOK
999 _c398962
_d398959